| 000 | 00759nam a2200265 i 4500 | ||
|---|---|---|---|
| 001 | C2-0292644 | ||
| 003 | PPAK | ||
| 005 | 20180728024637.0 | ||
| 008 | 090107s1987 nyua|||| ||||| | eng d | ||
| 020 | _a1883011531 | ||
| 040 |
_aPPAK _beng _cPPAK _erda |
||
| 082 | 0 | 4 |
_a920 _223 |
| 090 | 0 | 0 |
_a920 _bFRA _dLCK |
| 100 | 1 |
_aFranklin, Benjamin, _eauthor |
|
| 245 | 1 | 0 | _aAutobiography, poor Richard and later writings |
| 264 | 1 |
_aNew York : _bThe Library of America , _c1987 |
|
| 300 |
_a816 pages : _billustrations ; _c21 cm |
||
| 336 |
_2rdacontent _atext |
||
| 337 |
_2rdamedia _aunmediated |
||
| 338 |
_2rdacarrier _avolume |
||
| 500 | _aIncludes index | ||
| 650 | 1 | 0 | _aBiography - 20th century |
| 700 | 1 |
_aLemay, J.A. Loe, _eeditor |
|
| 942 |
_ddc _cB |
||
| 999 |
_c97491 _d97491 |
||